5-Letter Word Chain: Water - Statistics

General Stats
  • This quiz has been taken 31 times
    21 since last reset
  • The average score is 23 of 36
Answer Stats
Hint Answer % Correct
Blood-sucking parasite Leech
100%
Penguins are not found in this hemisphere North
100%
Animals that quack Ducks
94%
Antagonist of the movie Jaws Shark
89%
Planet in our solar system with the most water Earth
83%
Number of legs on an octopus Eight
83%
Species of shark that is also the name of a citrus Lemon
83%
Lake Michigan, Erie, Ontario, Superior, and ______ Huron
78%
Cephalopod with 10 arms Squid
78%
Freshwater "rainbow" fish Trout
78%
American icon that primarily eats fish Eagle
72%
Dolphins all have ______ on their heads Holes
72%
Shrimp-like organism Krill
72%
An area with fast-flowing water is called a ______ Rapid
72%
Blubbery mammals who are similar to Sea Lions Seals
72%
Species of eel Moray
67%
Limbless reptile that can live in water Snake
67%
New form of energy which allowed for faster water travel in the 1800s Steam
67%
Abbreviation for a "river horse" Hippo
61%
Mammal of the weasel family that lives in water Otter
61%
The largest whale species with teeth Sperm
61%
Deposit of sediment carried by a river that is also an airline Delta
56%
Large fish-eating wading bird with long legs Heron
56%
The Caspian Sea, the Dead Sea, and Aral Sea are all ______ Lakes
56%
Species of Devil Ray that doesn't sting Manta
56%
Animal that cleans fishtanks Snail
56%
Froglets turn into frogs once they lose their ______ Tails
56%
Plant that typically grows on stagnant water Algae
50%
Species of fish that is also a winged spiritual being Angel
50%
The mythical human-fish hybrid of Disney Ariel
50%
Species of Heron Egret
50%
Amphibians who can live on land or in water Newts
50%
Other than in wolf packs, walrus herds also have an ______ Alpha
39%
Small fish often kept as a pet that also means "4" Tetra
33%
A larva is the equivalent of a Dragonfly's ______ Youth
33%
The Blue Whale is the #1 animal in terms of ______ (not size or weight) Noise
22%
No matching quizzes found
Score Distribution
Percent of People with Each Score
Percentile by Number Answered
Your Score History
You have not taken this quiz since the last reset